<?xml version="1.0" encoding="UTF-8"?>
<record
    xmlns:xsi="http://www.w3.org/2001/XMLSchema-instance"
    xsi:schemaLocation="http://www.loc.gov/MARC21/slim http://www.loc.gov/standards/marcxml/schema/MARC21slim.xsd"
    xmlns="http://www.loc.gov/MARC21/slim">

  <leader>02344nab a2200289uuc4500</leader>
  <controlfield tag="001">1269478</controlfield>
  <controlfield tag="005">20240202104503.0</controlfield>
  <controlfield tag="008">120120s2009                        spa  </controlfield>
  <datafield tag="035" ind1=" " ind2=" ">
    <subfield code="a">1269478</subfield>
  </datafield>
  <datafield tag="035" ind1=" " ind2=" ">
    <subfield code="a">(OCoLC)820624036</subfield>
  </datafield>
  <datafield tag="040" ind1=" " ind2=" ">
    <subfield code="c">comduadb</subfield>
  </datafield>
  <datafield tag="041" ind1=" " ind2=" ">
    <subfield code="a">spa</subfield>
  </datafield>
  <datafield tag="100" ind1="1" ind2="0">
    <subfield code="a">Correa Montoya, Guillermo Antonio</subfield>
    <subfield code="4">res</subfield>
    <subfield code="0">(isni)0000 0000 4712 2436</subfield>
    <subfield code="0">(viaf)61361800</subfield>
    <subfield code="e">res</subfield>
    <subfield code="9">524004</subfield>
  </datafield>
  <datafield tag="245" ind1="1" ind2="0">
    <subfield code="a">Informe de violaciones a la vida, libertad e integridad de las y los sindicalistas en Colombia durante el 2008 y situaci&#xF3;n de impunidad de las violaciones en el periodo 1986-2009</subfield>
  </datafield>
  <datafield tag="260" ind1=" " ind2=" ">
    <subfield code="c">2009.</subfield>
  </datafield>
  <datafield tag="520" ind1="3" ind2=" ">
    <subfield code="a">El panorama de violencia e impunidad en cr&#xED;menes contra sindicalistas se mantiene y se agrav&#xF3; especialmente durante el a&#xF1;o 2008. Este informe contiene dos partes que desarrollan esta afirmaci&#xF3;n. En la primera parte la Escuela Nacional Sindical elabor&#xF3; un diagn&#xF3;stico de la violencia antisindical referida a las violaciones a la vida, libertad e integridad de las y los sindicalistas ocurridas durante el 2008, un recuento de la violencia hist&#xF3;rica a la que han sido sometidas las y los sindicalistas durante los &#xFA;ltimos 23 a&#xF1;os y la persistencia de esta violencia durante el gobierno del presidente Uribe V&#xE9;lez. La segunda parte contiene un panorama de la sostenida situaci&#xF3;n de impunidad de los cr&#xED;menes contra sindicalistas. All&#xED; se muestra el an&#xE1;lisis del papel de la Fiscal&#xED;a General de la Naci&#xF3;n en desarrollo de la investigaci&#xF3;n de los hechos y los responsables en casos de violencia antisindical y un an&#xE1;lisis cuantitativo y cualitativo del trabajo de los jueces que tratan estos casos. Este informe nos permite asegurar que la violencia no es un hecho del pasado, que fue y sigue siendo grave, y que la impunidad de esos cr&#xED;menes persiste.</subfield>
  </datafield>
  <datafield tag="650" ind1=" " ind2=" ">
    <subfield code="a">Sindicalistas - Asesinatos</subfield>
    <subfield code="9">167825</subfield>
  </datafield>
  <datafield tag="650" ind1=" " ind2=" ">
    <subfield code="a">Luchas sindicales</subfield>
    <subfield code="9">151609</subfield>
  </datafield>
  <datafield tag="650" ind1=" " ind2="7">
    <subfield code="a">Violaci&#xF3;n de los derechos humanos</subfield>
    <subfield code="2">lemb</subfield>
    <subfield code="9">64519</subfield>
  </datafield>
  <datafield tag="700" ind1="1" ind2="0">
    <subfield code="a">Malag&#xF3;n D&#xED;az, Lina Paola</subfield>
    <subfield code="4">res</subfield>
    <subfield code="e">res</subfield>
    <subfield code="9">612833</subfield>
  </datafield>
  <datafield tag="700" ind1="1" ind2="0">
    <subfield code="a">Diaz, Ana Maria</subfield>
    <subfield code="4">res</subfield>
    <subfield code="e">res</subfield>
  </datafield>
  <datafield tag="700" ind1="1" ind2="0">
    <subfield code="a">Sanjuan, Leidy Johanna</subfield>
    <subfield code="4">res</subfield>
    <subfield code="e">res</subfield>
    <subfield code="9">467576</subfield>
  </datafield>
  <datafield tag="700" ind1="1" ind2="0">
    <subfield code="a">Sanin Vasquez, Jose Luciano</subfield>
    <subfield code="4">res</subfield>
    <subfield code="e">res</subfield>
    <subfield code="9">293820</subfield>
  </datafield>
  <datafield tag="700" ind1="1" ind2="0">
    <subfield code="a">Herrera Arenas, Elver Fernando</subfield>
    <subfield code="4">res</subfield>
    <subfield code="e">res</subfield>
    <subfield code="9">427492</subfield>
  </datafield>
  <datafield tag="773" ind1="0" ind2=" ">
    <subfield code="t">Cuaderno de Derechos Humanos (Medell&#xED;n)</subfield>
    <subfield code="g">No. 21, Nov. 2009, 49 p.</subfield>
    <subfield code="w">115042</subfield>
    <subfield code="0">90159</subfield>
  </datafield>
  <datafield tag="942" ind1=" " ind2=" ">
    <subfield code="c">ARIMP</subfield>
  </datafield>
  <datafield tag="999" ind1=" " ind2=" ">
    <subfield code="c">612230</subfield>
    <subfield code="d">612230</subfield>
  </datafield>
</record>
